000 00491nam a22001817a 4500
003 CEME
005 20210628202910.0
008 210203b xxu||||| |||| 00| 0 eng d
020 _a0-8031-1992-5
040 _c.
082 _a620.1923 BUR
100 _aEckstein, Dave
_962220
245 _aBuried plastic pipe technology, 2nd volume
260 _aUSA
_bASTM
_c1994
300 _a248P
650 _aUNDERGROUND PLASTIC PIPE CONGRESSES. PLASTIC PIPE TECHNOLOGY
_962221
942 _cBK
_2ddc
999 _c571397
_d571397